Sports Quiz

Random Sports or NBA Quiz

NBA Franchises, East to West Quiz Stats

 Plays Quiz Updated Dec 31, 2018

Support Sporcle.
Go Orange.
Score 0/30 Timer 05:00
7 Plays Today
Longitude Team % Correct
71' 03' WBoston Celtics
97.2%
73' 59' WNew York Knicks
94.7%
73' 58' WBrooklyn Nets
91.9%
75' 10' WPhiladelphia 76ers
85.8%
77' 01' WWashington Wizards
78.1%
80' 11' WMiami Heat
74.8%
81' 23' WOrlando Magic
67.7%
80' 50' WCharlotte Hornets
65.7%
118' 16' WLos Angeles Lakers
64.3%
118' 16' WLos Angeles Clippers
62.9%
81' 41' WCleveland Cavaliers
61%
87' 40' WChicago Bulls
60.1%
122' 40' WPortland Trail Blazers
60%
79' 22' WToronto Raptors
59.4%
84' 23' WAtlanta Hawks
59%
Longitude Team % Correct
122' 12' WGolden State Warriors
58.9%
112' 04' WPhoenix Suns
58.5%
121' 31' WSacramento Kings
57.8%
83' 14' WDetroit Pistons
57.7%
86' 09' WIndiana Pacers
57.5%
96' 48' WDallas Mavericks
56.6%
98' 26' WSan Antonio Spurs
56.2%
111' 54' WUtah Jazz
56.1%
105' 00' WDenver Nuggets
55.3%
95' 21' WHouston Rockets
55.2%
97' 31' WOklahoma City Thunder
54.4%
87' 55' WMilwaukee Bucks
53.3%
90' 05' WNew Orleans Pelicans
51.9%
93' 16' WMinnesota Timberwolves
50.7%
90' 03' WMemphis Grizzlies
49.2%

From the Vault

Movies Missing 'I' Words

by kfastic

Movies 3m
The other 25 letters should pick up the slack, right?
Remove Ads.
Support Sporcle.
Get the best of Sporcle when you Go Orange. This ad-free experience offers more features, more stats, and more fun while also helping to support Sporcle. Thank you for becoming a member.

Show Comments

Extras

Top Quizzes Today


Score Distribution

Your Account Isn't Verified!

In order to create a playlist on Sporcle, you need to verify the email address you used during registration. Go to your Sporcle Settings to finish the process.

Report this User

Report this user for behavior that violates our Community Guidelines.

Details: